• 首页
  • 本馆介绍
  • 公告通知
  • 最新文献
  • 馆藏检索
  • 电子资源
  • 读者导购
  • 参考咨询
  • 我的图书馆
  • 登录
  • 详细信息显示
  • 放入我的书架
  • 预约/预借图书
  • 作者相关作品
  • 分类相关作品
  • 丛书相关作品
  • 出版社相关作品

书目信息

  • 表格格式
  • 工作单格式
  • 卡片格式
题名:
土化肥志
    
 
作者: ;中华人民共和国农业部 编
分册:  
出版信息: 北京   农业出版社  1958
页数: 54页
开本: 20cm
丛书名:
单 册:
中图分类: S141.6
科图分类:
主题词: 肥料学
电子资源:
ISBN:
000 00580nam0 2200193 450
001 0641118765
005 20060518112635.54
010    @dCNY0.22
100    @a20060518d1958 km y0chiy0120 ea
101 0  @achi
102    @aCN@b110000
200 1  @a土化肥志@Atu hua fei zhi@f中华人民共和国农业部编@Fzhong hua ren min gong he guo nong ye bu bian
210    @a北京@c农业出版社@d1958
215    @a54页@d20cm
606 0  @a肥料学
690    @aS141.6@v3
711  0 @a中华人民共和国农业部@Azhong hua ren min gong he guo nong ye bu@4编
801  0 @aCN@bPFT@c20060518
905    @a10447@dS141.6@e1
    
    土化肥志/中华人民共和国农业部编.-北京:农业出版社,1958
    54页;20cm
    
    
    ISBN :CNY0.22
    
●
相关链接 在E读中查询图书 在五车中查询图书 在当当中查询图书 在豆瓣中查询图书


正题名:土化肥志     索取号:S141.6/1         预约/预借

序号 登录号 条形码 馆藏地/架位号 状态 备注
1 0013443   202334553   密集书库/ [索取号:S141.6/1] 在馆    
唐山师范学院图书馆 欢迎您!
大连网信软件有限公司© 版权所有